Giornata di Studio su José María Arguedas

Tallennettuna:
Bibliografiset tiedot
Päätekijä: Escobar, Alberto (Tekijä)
Aineistotyyppi: Kirja
Kieli:espanja
italia
Julkaistu: Roma Instituto Italo Latino Americano 1979
Aiheet:
Tagit: Lisää tagi
Ei tageja, Lisää ensimmäinen tagi!

MARC

LEADER 00000nam a2200000 a 4500
001 UCT7656
003 CL-VaPUC
005 20241212120255.0
008 970123e19790000it 1 spa d
041 0 7 |a spa  |2 CL-VaPUC 
041 0 7 |a ita  |2 CL-VaPUC 
082 0 4 |a Pe863.09  |b ESC  |2 21 
100 1 |a Escobar, Alberto  |e author  |9 618176 
245 1 0 |a Giornata di Studio su José María Arguedas 
260 |a Roma  |b Instituto Italo Latino Americano  |c 1979 
300 |a 67 p 
583 |a last modification  |c 19970123 00:00:00  |k Rodrigo Vera 
600 0 |a Arguedas, José María  |9 313849 
650 0 0 |a Literatura peruana  |9 257452 
650 0 7 |a NOVELA PERUANA  |2 CL-VaPUC  |9 347320 
650 0 0 |a Crítica e interpretación   |9 255042 
942 |c BK 
945 |a rleighto  |d 19970123 00:00:00 
546 |a En Español 
546 |a En Italiano 
518 |p Giornata di Studio su José María Arguedas, Roma, 27 de Marzo 1979 
999 |c 382820  |d 382818 
952 |0 0  |1 0  |4 0  |6 PE_863_090000000000000_ESC_1979  |7 0  |8 A  |9 504711  |a BIBEDU  |b BIBEDU  |d 2020-01-23  |i 3268500  |o Pe863.09 ESC 1979  |p 3268500  |r 2020-01-23  |w 2020-01-23  |y BK  |k LIT